| 000 | 00618nam a22002175i 4500 | ||
|---|---|---|---|
| 001 | 177529 | ||
| 003 | ES-MaACL | ||
| 005 | 20240120062955.0 | ||
| 008 | 110330s2010 sp |||| | spa d | ||
| 020 | _a978-84-8374-782-7 | ||
| 080 | _a821.134.2-14"19" | ||
| 100 | 1 |
_aRuiz de Torres, Juan, _d1931-2014 _9155342 |
|
| 245 | 1 | 0 |
_aÚltima puerta del silencio / _cJuan Ruiz de Torres. |
| 250 | _a1ª ed. | ||
| 260 |
_aMadrid : _bHuerga y Fierro, _c2010. |
||
| 300 |
_a183, [6] p. ; _c22 cm. |
||
| 490 | 1 | _aPoesía | |
| 830 | 0 |
_aPoesía _9177794 |
|
| 852 |
_aES-MaACL _jE-14741 |
||
| 999 |
_c177529 _d177529 |
||